000 00800nam a2200193 i 4500
001 185687
003 ES-MaACL
005 20250830221257.0
008 160803s1836 fr |||| | spa d
100 1 _aLa Sagra, Ramón de,
_d1798-1871
_9101445
245 1 0 _aCinco meses en los Estados Unidos de la América del Norte desde el 20 de abril al 23 de septiembre de 1835 :
_bdiario de viaje /
_cde Ramón de la Sagra.
260 _a[S.l.] :
_b[s.n.],
_c1836 (
_eParis :
_fImprenta de Pablo Renouard)
300 _aXL, 437 p. ;
_c22 cm.
530 _aDisponible en formato digital.
651 4 _aEstados Unidos-
_xDescripción
_98538
852 _aES-MaACL
_jG-7685
856 _uhttp://bdh-rd.bne.es/viewer.vm?id=0000081189&page=1
_zBiblioteca Digital Hispánica
999 _c185687
_d185687